000 00910nam a22001937a 4500
005 20241017124725.0
010 _aHIN-128660
020 _c300.00
_a9789351438687
035 _aHN-101006
037 _bDBAD
082 _a304.28
100 _aदिग्विजय सिंह
_972913
245 _aजनसंख्या एंव नगरीकरण /
_cदिग्विजय सिंह
260 _aगुड़गाँव
_bलेक्सिसनेक्सिस
_c2016
270 _a14थ फ्लोर , बिल्डिंग नं. 10, टावर -ब , डीएलएफ़ साइबर सिटि , फेज-2
_bगुड़गाँव
_e122002
_k124 4774444
_l124 4774100
_mhelp.in@lexisnexis.com
300 _a327पृ.
_c24सेमी. (अजिल्द)
700 _972903
942 _2ddc
_cHN
_h304.28
_mदिग्विजय
999 _c206459
_d206459